000 00646nam a22002177a 4500
003 dpl
005 20180810124531.0
008 180810b xxu||||| |||| 00| 0 eng d
010 _aB-228135
016 _aB-228135
035 _aB-228135
037 1 4 _bBPPD/PUB
040 _c0
082 1 _a230.4
100 1 _aSharma, Arvind
245 _aModern hindu thought :
_cby Arvind sharma
_bAn introduction /
260 _aNew delhi
_bOxford university press
_c2006
270 _aYMCA Library building jai singh road
_bMumbai
_e110001
300 _aix, 208p.
_c21cm (Hb)
942 _adpl
_cEN
_k657.48 / APP
_2ddc
_h230.4
_mSHA
999 _c155743
_d155743